| 000 | 00931nam a2200301 a 4500 | ||
|---|---|---|---|
| 003 | AR-BaBNM | ||
| 005 | 20251128210530.0 | ||
| 008 | 082120s2002 ||||||||||||||000 | spa|| | ||
| 020 | _a84-277-1243-x | ||
| 040 | _cAR-BaBNM | ||
| 100 | 1 | _aGarcía Martínez, Alfonso | |
| 245 | 0 | 0 |
_aDel racismo a la interculturalidad _bcompetencia de la educación |
| 260 |
_aMadrid _bNarcea _c1998 |
||
| 300 |
_a253 p. _btablas |
||
| 490 | 0 | _aNarcea sociocultural | |
| 500 | _aContiene referencias bibliográficas, índice de nombres e índice alfabético | ||
| 500 | _aContiene anexos | ||
| 650 | 4 | _aEDUCACION MULTICULTURAL | |
| 650 | 4 | _aRACISMO | |
| 650 | 4 | _aDISCRIMINACION RACIAL | |
| 653 | _aEDUCACION EN LA DIVERSIDAD | ||
| 653 | _aEDUCACION PARA LA TOLERANCIA | ||
| 653 | _aTEMAS TRANSVERSALES | ||
| 700 | 1 | _aSáez Carreras, Juan | |
| 800 | 1 |
_aQuintana Cabanas, José María _edirector |
|
| 942 | _cBK | ||
| 998 | _cRaquel | ||
| 999 |
_c15831 _d15831 |
||